000 00240nam a2200097Ia 4500
008 220214s9999 xx 000 0 und d
245 0 _aSurya India
260 _bSurya India
_aNew Delhi
500 _aEnding Volume & Year: 1, 1976
942 _cBJ
999 _c19218
_d19218